| 000 | 00470nam a2200157 a 4500 | ||
|---|---|---|---|
| 001 | 000027244 | ||
| 005 | 20200930030709.0 | ||
| 008 | 110324s1986 dr c 000 f spa d | ||
| 040 |
_aDO-SdBNP _bspa _cBNPHU |
||
| 082 |
_axxxx _bT231e |
||
| 100 | 1 |
_aTavarez, Frank _953732 |
|
| 245 | 1 | 0 |
_aEncrucijada en la sombra : _bel hombre que fue monja / _cFrank Tavarez. |
| 260 |
_aSanto Domingo : _bEditora el Mundo, _c1986. |
||
| 300 |
_a112 p. : _bretrs. ; _c20 cm. |
||
| 049 | _aBNPD | ||
| 999 |
_c26736 _d26736 |
||